Strategic negotiation in multiagent environments

Αποθηκεύτηκε σε:
Λεπτομέρειες βιβλιογραφικής εγγραφής
Κύριος συγγραφέας: Kraus, Sarit
Μορφή: Βιβλίο
Γλώσσα:English
Δημοσίευση: Cambridge, Mass : MIT Press, c2001
Σειρά:Intelligent robots and autonomous agents
Θέματα:
Ετικέτες: Προσθήκη ετικέτας
Δεν υπάρχουν, Καταχωρήστε ετικέτα πρώτοι!

MARC

LEADER 00000nam a2200000 i 4500
001 1/65465
008 041111s2001 eng d
020 |a 0-262-11264-7 
035 |l 10075217 
040 |a GR-MY-UA  |b gre  |e aacr 
041 0 |a eng 
082 0 |a 006.3 
100 1 |a Kraus, Sarit. 
245 1 0 |a Strategic negotiation in multiagent environments /  |c Sarit Kraus 
260 |a Cambridge, Mass :   |b MIT Press,   |c c2001 
300 |a xiv, 266 σ.;  |b εικ.;  |c 24 εκ. 
490 1 |a Intelligent robots and autonomous agents 
504 |a Περιέχει ευρετήριο 
504 |a Βιβλιογραφία: σ. [245]-257 
650 0 0 |a Intelligent agents (Computer software) 
830 0 |a Intelligent robots and autonomous agents 
852 |a INST  |b SAMOS  |e 20041111  |h 006.3 KRA  |p 005300022798  |q 005300022798  |t BK  |y 0 
901 |a BIBL3-2004-3 
909 |a Σ  |b 114028 
920 |a ΔΙΕΥΡΥΝΣΗ  |b ΕΠΕΑΕΚ-ΤΜΠΕΣ  |y ΣΑΜΟΣ  |z 2004-10 
970 |a ΜΑΛΑΓΑΡΗ  |b ΦΩΤΕΙΝΗ  |z 2004/11/11